000 00465nam a2200133 a 4500
008 120416s1983 ||||||||||||||||| || u
050 _aDT 160 Mid
245 0 4 _aThe Middle East and North Africa, 1983-84. -(30th ed.)
250 _a30th ed.
260 _aLondon
_bEuropa Publications
_c1983
300 _axx, 721p.
350 _a0.00
995 _D0.00
_FCBU-MAIN LIBRARY (Kitwe)
_H1
_I0.00
_M1
_UREFERENCE
_ZReference Collection
999 _c51184
_d51184